Las mujeres viviendo con vih en la argentina : desafíos para una atención integral /

Guardado en:
Otros Autores: Gogna, Mónica, comp., Portnoy, Fabián, pról.
Formato: Libro
Publicado: San Isidro : Publikar, 2013
Materias:
Etiquetas: Agregar Etiqueta
Sin Etiquetas, Sea el primero en etiquetar este registro!
LEADER 00674nam a22001935a 4500
001 EHU.bham044207
003 AR-BHAM
005 20160908132212.0
008 130507s2013##################000#0#####d
020 |a 9789879349069 
082 3 6 |a 361.25 
245 0 0 |a Las mujeres viviendo con vih en la argentina :  |b desafíos para una atención integral /  |c  Comp. Por Mónica Gogna : 
260 |a San Isidro :  |b Publikar,  |c 2013 
300 |a 128 p. 
653 |a Síndrome de inmunodeficiencia adquirida 
653 |a Salud-políticas públicas en 
700 1 |a Gogna, Mónica, comp. 
700 1 |a Portnoy, Fabián, pról. 
859 |a AR-BHAM  |b BIB. HUMANIDADES - General  |h 361.25  |i M895  |p 471.16  |t Ej.1